00449nam a22001577a 450000500170000001000130001702000260003003500130005603700140006908200100008310000280009324500570012126000430017827000510022130000190027220120720151919.0 aG-002047 a9780671854218c450.00 aG-002047 adplbGift a158.1 aSchwartz, David Joseph. aThe Magic of thinking Big/cby David Joseph Schwartz aLondonbSimon & Schuster UK Ltd.c1997 aAfrica House 64-78 Kingsway bLondoneWC2B 6AH a348 p.c20 cm.